La Caridad : boletín de la Casa Provincial de Caridad de Barcelona boletín de la Casa Provincial de Caridad de Barcelona
Descripción Física:
27 cm
Materias:
Casa de Caritat (Barcelona) -- Revistes
; Infants abandonats -- Assistència institucional -- Revistes
Idioma:
Español
MARC
| LEADER | 00000nas a2200000 a 4500 | ||
|---|---|---|---|
| 001 | 29045 | ||
| 003 | AGDB | ||
| 005 | 20260324175804.0 | ||
| 008 | 160829s1881 xx 000 0 cat d | ||
| 041 | |a spa | ||
| 080 | |a Revistes | ||
| 245 | |a La Caridad : |b boletín de la Casa Provincial de Caridad de Barcelona | ||
| 260 | |a Barcelona : |b [s.n.], |c 1881 | ||
| 300 | |a 27 cm | ||
| 590 | |a Periodicitat desconeguda. | ||
| 590 | |a Descripció basada en: Any 3, núm. 10 (set. 1881). | ||
| 590 | |a Prové de la caixeta de Casa de Caritat, any 1881, núm. 2311, exp. 2328. | ||
| 590 | |a Hi ha un duplicat a: DUP-21-74 | ||
| 650 | |a Casa de Caritat (Barcelona) |x Revistes |9 41397 | ||
| 650 | 0 | |a Infants abandonats |x Assistència institucional |v Revistes |9 72784 | |
| 710 | |a Casa de Caritat (Barcelona, Catalunya) |9 52406 | ||
| 866 | |a Any 3, 1881 (10) | ||
| 901 | |a Arxiu | ||
| 942 | |n 1 |2 udc |c ARXIU | ||
| 952 | |0 0 |1 0 |2 udc |4 0 |6 REV2404 |7 1 |9 50190 |a Arxiu |b Arxiu |d 2016-12-01 |h 1881 (10) |l 0 |o Rev-2404 |p 29045 |r 2016-12-01 00:00:00 |y ARXIU | ||
| 999 | |c 54032 |d 54032 | ||